000 00598nam a2200229Ia 4500
003 OSt
005 20221007064802.0
006 a|||||r|||| 00| 0
007 ta
008 221006b |||||||| |||| 00| 0 eng d
024 _a13,829
037 _cTextual
040 _aFLL
_cFLL
_beng
041 _2eng
_aeng
082 _aW:5, K7
100 _aChaturvedi R.G. Au.
245 0 _aState and rights of men
260 _aDelhi
_bMetropolitan book co. pvt. ltd. India
_c1971
300 _a247p
_ccm.
942 _hW:5, K7
_cTEXL
_2CC
999 _c1135336
_d1135336